Najpopularniejsze utwory Diho [18.01.2023] - Statystyki

Ogólne statystyki
  • Ten quiz został rozwiązany 71 razy
    40 od ostatniego zresetowania
  • Średni wynik to 5 z 20
Statystyki odpowiedzi
Odtworzenia Featy Nazwa % Poprawnych
30,6 mln Alberto, Josef Bratan, Bibic Szyby
88%
11,4 mln Josef Bratan Antonio Banderas
74%
8 mln Malik Montana Naaajak
68%
2,8 mln Sentino Szampana do ręki
38%
3,5 mln - Frugo
32%
7,2 mln - No to cyk
32%
1,2 mln - Polak
29%
3,6 mln Malik Montana Rose Moet
26%
831 tyś. Malik Montana, Białas NaNaNa
24%
1,6 mln - Bleeh
21%
334 tyś. Graf Olewam
18%
2 mln Malik Montana Jojo
12%
1,1 mln - Więcej
12%
788 tyś. Malik Montana Plan A
9%
270 tyś. - Przy aparaturze
9%
667 tyś. Malik Montana Róże z betonu
9%
429 tyś. Malik Montana Nasza stolica
6%
314 tyś. Malik Montana, Martyna Nocek Chcemy więcej
3%
633 tyś. Malik Montana Miliony kraść
3%
293 tyś. Malik Montana Moment
3%
Nie znaleziono quizów pasujących do podanych kryteriów
Rozkład punktacji
Procent ludzi z każdym wynikiem
Percentyl według liczby udzielonych odpowiedzi
Twoja historia wyników
Nie rozwiązałeś tego quizu od ostatniego zresetowania